000 01227nam a2200337 a 4500
999 _c2726
_d2726
003 AKMAL
005 20170517155350.0
008 170517s2010 ny a e 001 0 eng d
020 _a9780071664325 (hbk.) :
_cRM 72.20
040 _aAKMAL
082 0 4 _a650.1 RAO
_222
090 0 0 _a650.1
_bRAO
100 1 _aRao, Srikumar S.
_95760
245 1 0 _aHappiness at work :
_bbe resillent, motivated, and successful - no matter what /
_cSrikumar S. Rao
260 _aNew York :
_bMcGraw Hill,
_c2010
300 _axix, 235p. :
_bill. ;
_c22cm.
500 _aIncludes index
650 1 0 _aJob satisfaction
_95588
650 2 0 _aSuccess in business
_91084
650 2 0 _aWork
_xPsychological aspects
_95761
942 _2ddc
_cBOOK